WWE/F Tag Teams and Stables - Statistics

General Stats
  • This quiz has been taken 424 times
  • The average score is 35 of 60
Answer Stats
Tag Team/Stable Answer % Correct
Evolution Triple H
99%
D-Generation X Triple H
99%
Evolution Randy Orton
98%
Rated RKO Randy Orton
98%
The Rockers Shawn Michaels
98%
D-Generation X Shawn Michaels
98%
Evolution Batista
94%
Rated RKO Edge
94%
Evolution Ric Flair
94%
Hardy Boyz Jeff Hardy
88%
Hardy Boyz Matt Hardy
88%
Rock 'n' Sock Connection The Rock
86%
Rock 'n' Sock Connection Mankind
85%
Straight Edge Society CM Punk
84%
D-Generation X X-Pac
84%
D-Generation X Road Dogg
83%
D-Generation X Billy Gunn
82%
Straight Edge Society Luke Gallows
70%
The Road Warriors Animal
69%
The APA Bradshaw
69%
The Road Warriors Hawk
68%
The APA Farooq
65%
The Rockers Marty Jannetty
62%
American Alpha Chad Gable
61%
American Alpha Jason Jordan
60%
The Un-Americans Test
60%
T&A Test
60%
Air Boom Kofi Kingston
58%
Demolition Ax
56%
Demolition Smash
55%
T&A Albert
54%
Air Boom Evan Bourne
54%
The Radicalz Eddie Guerrero
53%
The Radicalz Chris Benoit
52%
The Un-Americans Christian
52%
The Radicalz Dean Malenko
48%
Demolition Crush
47%
The Radicalz Perry Saturn
46%
The Un-Americans Lance Storm
45%
The Mega Bucks Ted Dibiase
45%
The Mega Bucks Andre the Giant
43%
The Colossal Connection Andre the Giant
43%
Right to Censor Ivory
41%
Straight Edge Society Serena
41%
The J.O.B Squad Al Snow
39%
Rhythm and Blues Honky Tonk Man
38%
Right to Censor Steven Richards
37%
The Un-Americans William Regal
37%
Right to Censor Val Venis
36%
The Brain Busters Arn Anderson
35%
Straight Edge Society Joey Mercury
35%
Right to Censor The Goodfather
35%
The Twin Towers Akeem
33%
The Brain Busters Tully Blanchard
32%
The Twin Towers Big Boss Man
31%
Right to Censor Bull Buchanan
31%
The Colossal Connection Haku
29%
Rhythm and Blues Greg Valentine
27%
The J.O.B Squad Bob Holly
23%
The J.O.B Squad Scorpio
13%
No matching quizzes found
Score Distribution
Percent of People with Each Score
Percentile by Number Answered
Your Score History
You have not taken this quiz